[Event "Open Vitrolles 2024/25"]
[Site "Vitrolles"]
[Date "2025.01.25"]
[Round "7.11"]
[White "Schoeni, Christine"]
[Black "Rannou, Danielle"]
[Result "0-1"]
[WhiteElo "1399"]
[BlackElo "1445"]
[PlyCount "136"]
1. e4 e5 2. Nc3 Nc6 3. d3 Bb4 4. Bd2 a6 5. Nf3 d6 6. a3 Bxc3 7. Bxc3 Nf6 8. Be2
Bd7 9. O-O O-O 10. b3 h6 11. b4 Na7 12. a4 Bxa4 13. Nh4 Bd7 14. d4 Nb5 15. Bxb5
Bxb5 16. Re1 Qe8 17. Nf3 Qc6 18. d5 Qxc3 19. Qb1 Qc4 20. Nd2 Qd4 21. Nf3 Qb6
22. Qc1 c5 23. Qe3 Qc7 24. c3 c4 25. Qe2 b6 26. Nh4 Kh8 27. Nf5 Rg8 28. Ne3
Nxe4 29. Qc2 Nf6 30. f3 Rae8 31. Nd1 Nxd5 32. Qe4 Qc6 33. Rc1 Nf6 34. Qxc6 Bxc6
35. Nb2 b5 36. Rcd1 d5 37. Rd2 e4 38. fxe4 Rxe4 39. Ree2 Rxe2 40. Rxe2 Ne4 41.
Nd1 f5 42. Rc2 g5 43. Ne3 f4 44. Nf5 h5 45. Nd4 Bb7 46. Nf5 g4 47. Ne7 Rf8 48.
Kf1 f3 49. gxf3 Rxf3+ 50. Kg2 Nxc3 51. Ng6+ Kg8 52. Rb2 Nd1 53. Re2 Re3 54. Nf4
d4+ 55. Kf1 Rxe2 56. Nxe2 Nc3 57. Nxd4 Na2 58. Nc2 Be4 59. Ne3 Nxb4 60. Nf5
Bd3+ 61. Kf2 a5 62. Ng3 a4 63. Nxh5 a3 64. Kg3 a2 65. Kxg4 a1=Q 66. Ng3 c3 67.
h4 c2 68. h5 c1=Q 0-1

[Event "Open Vitrolles 2024/25"]
[Site "Vitrolles"]
[Date "2025.03.01"]
[Round "8.1"]
[White "Biard, Noah"]
[Black "Mata, Thierry"]
[Result "1-0"]
[WhiteElo "1713"]
[BlackElo "1699"]
[PlyCount "57"]Open Aubagne 2024/25
[WhiteTeam "Club d'Echecs de Meyreuil"]
[BlackTeam "Club d'Echecs de Miramas"]

1. e4 c5 2. Nf3 Nc6 3. d4 cxd4 4. Nxd4 g6 5. c4 Bg7 6. Be3 Nf6 7. Nc3 d6 8. Be2
Bd7 9. O-O O-O 10. Qd2 Ng4 11. Bxg4 Bxg4 12. f3 Bd7 13. Rad1 Ne5 14. b3 Re8 15.
Nd5 Nc6 16. Nb5 Rc8 17. Nxa7 e6 18. Nxc8 Bxc8 19. Bb6 Qh4 20. Qf4 Qh5 21. Nf6+
Bxf6 22. Qxf6 e5 23. Rxd6 Be6 24. Be3 Ra8 25. Rfd1 h6 26. b4 Rxa2 27. Rd8+ Nxd8
28. Rxd8+ Kh7 29. Rh8# 1-0

[Event "Open Vitrolles 2024/25"]
[Site "Vitrolles"]
[Date "2025.03.01"]
[Round "8.2"]
[White "Scamaroni, Jean-Paul"]
[Black "Siguret, William"]
[Result "0-1"]
[WhiteElo "1642"]
[BlackElo "1709"]
[PlyCount "54"]Open Aubagne 2024/25
[WhiteTeam "CE Vitrolles"]
[BlackTeam "Marseille Passion Echecs"]

1. d4 d5 2. c4 c6 3. Nf3 Nf6 4. Nc3 e6 5. e3 Nbd7 6. b3 Bb4 7. Bd2 O-O 8. a3
Be7 9. cxd5 exd5 10. Bd3 c5 11. O-O a6 12. Bb1 Re8 13. Qc2 Nf8 14. dxc5 Bxc5
15. b4 Bd6 16. Nd4 Ne4 17. Nxe4 dxe4 18. Bc3 Qg5 19. g3 Bh3 20. Re1 Rac8 21.
Qd2 Ng6 22. Bb2 Nh4 23. Kh1 Bg2+ 24. Kg1 Bf3 25. Ne2 Qg4 26. Qxd6 Bxe2 27. Qd4
Nf3+ 0-1

[Event "Open Vitrolles 2024/25"]
[Site "Vitrolles"]
[Date "2025.03.01"]
[Round "8.3"]
[White "Chabaud, Philippe"]
[Black "Derien, Robert"]
[Result "0-1"]
[WhiteElo "1649"]
[BlackElo "1667"]
[PlyCount "56"]Open Aubagne 2024/25
[WhiteTeam "CE Vitrolles"]
[BlackTeam "Puy Ste Réparade"]

1. d4 Nf6 2. Bf4 d5 3. Nf3 c5 4. e3 Qb6 5. Nc3 Bd7 6. Rb1 Nc6 7. Be2 e6 8. Nb5
Rc8 9. Nd6+ Bxd6 10. Bxd6 cxd4 11. exd4 Nxd4 12. Nxd4 Qxd6 13. O-O O-O 14. c3
a6 15. Bd3 g6 16. Re1 e5 17. Nb3 e4 18. Bxe4 Nxe4 19. Rxe4 Rfe8 20. Rd4 Re5 21.
Na5 Rce8 22. Qd2 Qe7 23. g3 Bh3 24. f3 Re2 25. Qc1 Rg2+ 26. Kh1 Qe2 27. Qg1
Rxg1+ 28. Rxg1 Qxf3+ 0-1

[Event "Open Vitrolles 2024/25"]
[Site "Vitrolles"]
[Date "2025.03.01"]
[Round "8.4"]
[White "Cens, Alain"]
[Black "Graells, Christian"]
[Result "1/2-1/2"]
[WhiteElo "1674"]
[BlackElo "1564"]
[PlyCount "85"]Open Aubagne 2024/25
[WhiteTeam "Cercle Echiquier Pertuisien"]
[BlackTeam "Club d'Echecs de Meyreuil"]

1. c4 e5 2. Nc3 Nf6 3. g3 Bb4 4. Bg2 O-O 5. e3 d6 6. Nge2 c6 7. O-O Be6 8. b3
Nbd7 9. Bb2 Ne8 10. d4 f5 11. d5 cxd5 12. Nxd5 Ba5 13. Nec3 a6 14. Qe2 Rb8 15.
Rfd1 Ndf6 16. Ba3 Rf7 17. Nxf6+ Rxf6 18. Nd5 Rg6 19. f4 e4 20. Qb2 b5 21. cxb5
Rxb5 22. Bf1 Rxd5 23. Bxa6 Rxd1+ 24. Rxd1 Qb6 25. Qe2 d5 26. Bb5 Qa7 27. Bxe8
Rh6 28. Bb2 Bb6 29. Bd4 Bxd4 30. Rxd4 Qc5 31. Qd2 Kf8 32. Ba4 Ke7 33. Qb4 Kd6
34. Qxc5+ Kxc5 35. b4+ Kb6 36. Rd2 Bf7 37. Rc2 Rd6 38. Bb3 Bh5 39. Rc5 d4 40.
exd4 Rxd4 41. Rxf5 Bf3 42. Re5 Rxb4 43. h3 1/2-1/2

[Event "Open Vitrolles 2024/25"]
[Site "Vitrolles"]
[Date "2025.03.01"]
[Round "8.5"]
[White "Coquet, Bruno"]
[Black "Bregier, Gerard"]
[Result "1-0"]
[WhiteElo "1532"]
[BlackElo "1582"]
[PlyCount "66"]Open Aubagne 2024/25
[WhiteTeam "CE Vitrolles"]
[BlackTeam "Salon Nostradamus"]

1. e4 c5 2. c3 Nf6 3. e5 Nd5 4. d4 cxd4 5. cxd4 Nc6 6. Nf3 d6 7. Bc4 e6 8. O-O
dxe5 9. dxe5 Be7 10. Bd2 O-O 11. a3 a5 12. Nc3 Nxc3 13. Bxc3 b6 14. Qc2 Qc7 15.
Bd3 g6 16. Rac1 Rd8 17. Be4 Bb7 18. Bd2 Kg7 19. Bxc6 Bc5 20. Bxb7 Qxb7 21. Bg5
Rd5 22. Bf6+ Kg8 23. Qa4 Rc8 24. Qh4 h5 25. g4 Kf8 26. gxh5 gxh5 27. Qg3 Ke8
28. Qg8+ Kd7 29. Qxf7+ Kc6 30. Qxe6+ Kb5 31. Qf5 Rg8+ 32. Kh1 Rd4 33. h3 Rh4
1-0

[Event "Open Vitrolles 2024/25"]
[Site "Vitrolles"]
[Date "2025.03.01"]
[Round "8.6"]
[White "Romeuf, Benjamin"]
[Black "Benoit-Lizon, Alain"]
[Result "0-1"]
[WhiteElo "1626"]
[BlackElo "1617"]
[PlyCount "110"]Open Aubagne 2024/25
[WhiteTeam "CE Vitrolles"]
[BlackTeam "CE Vitrolles"]

1. d4 Nf6 2. c4 e6 3. Nf3 b6 4. g3 Ba6 5. b3 Bb4+ 6. Bd2 Be7 7. Bg2 O-O 8. Ne5
c6 9. O-O Bb7 10. Nc3 d6 11. Nf3 Nbd7 12. e4 e5 13. d5 cxd5 14. exd5 Rc8 15.
Re1 Qc7 16. Ng5 h6 17. Nge4 Nxe4 18. Nxe4 f5 19. Nc3 Nf6 20. Bh3 Qd7 21. Qf3
Ng4 22. Qe2 h5 23. f3 Nf6 24. Ne4 g6 25. Nxf6+ Bxf6 26. Rad1 Rce8 27. Qd3 Rf7
28. Qe3 Qe7 29. Qh6 Rg7 30. Qe3 Bc8 31. f4 e4 32. Bb4 Qd7 33. Qc1 a5 34. Bc3
Bxc3 35. Qxc3 Rf7 36. a3 Ba6 37. b4 Qc7 38. Rd4 Rc8 39. Rc1 Qa7 40. Bf1 Rfc7
41. b5 Bxb5 42. Qb2 Ba6 43. c5 bxc5 44. Bxa6 Qxa6 45. Rdc4 Kf7 46. Kg2 Rb7 47.
Qc3 Rcb8 48. Kh3 Rb3 49. Qa1 a4 50. Kh4 Rb2 51. R4c2 Rxc2 52. Rxc2 Qd3 53. Rc1
Qf3 54. Kg5 Qg4+ 55. Kh6 Rh8+ 0-1

[Event "Open Vitrolles 2024/25"]
[Site "Vitrolles"]
[Date "2025.03.01"]
[Round "8.7"]
[White "Briquet, Xavier"]
[Black "Castellan, Christophe"]
[Result "1-0"]
[WhiteElo "1683"]
[BlackElo "1599"]
[PlyCount "61"]Open Aubagne 2024/25
[WhiteTeam "Club d'Echecs de Miramas"]
[BlackTeam "Club d'Echecs de Meyreuil"]

1. e4 c5 2. Nf3 d6 3. Bc4 Nc6 4. c3 Nf6 5. Qe2 e5 6. Ng5 d5 7. exd5 Nxd5 8. d3
Be7 9. Ne4 O-O 10. a3 a5 11. O-O Re8 12. f4 exf4 13. Bxf4 Nf6 14. Nbd2 Bf8 15.
Rae1 Be6 16. Bg5 Be7 17. Bxe6 fxe6 18. Nxf6+ Bxf6 19. Bxf6 gxf6 20. Ne4 f5 21.
Nxc5 Qb6 22. d4 Kf7 23. Qh5+ Kg8 24. Nxe6 Ne5 25. Qg5+ Ng6 26. Nc5 Rxe1 27.
Rxe1 f4 28. h4 Qd6 29. Re6 Qd8 30. Rf6 Qe7 31. Rxg6+ 1-0

[Event "Open Vitrolles 2024/25"]
[Site "Vitrolles"]
[Date "2025.03.01"]
[Round "8.8"]
[White "Torelli, Roger"]
[Black "Ribelles, Anthony"]
[Result "1-0"]
[WhiteElo "1632"]
[BlackElo "1540"]
[PlyCount "77"]Open Aubagne 2024/25
[WhiteTeam "L'Echiquier du Roy René"]
[BlackTeam "Club d'Echecs de Meyreuil"]

1. e4 e5 2. Nf3 Nc6 3. Bc4 Bc5 4. c3 Nf6 5. d3 d6 6. a4 a5 7. O-O Bb6 8. Be3
Bxe3 9. fxe3 O-O 10. Nbd2 d5 11. Bb3 Bg4 12. exd5 Nxd5 13. Qe2 Kh8 14. Bc4 f5
15. Qe1 f4 16. exf4 exf4 17. Bxd5 Qxd5 18. d4 Rae8 19. Qh4 Qh5 20. Qxh5 Bxh5
21. Nc4 Bxf3 22. Rxf3 g5 23. Rff1 b6 24. Rae1 Kg7 25. Kf2 g4 26. Rxe8 Rxe8 27.
Re1 Rxe1 28. Kxe1 Kg6 29. Kf2 Ne7 30. h3 h5 31. hxg4 hxg4 32. Na3 Kf5 33. Nb5
Ke4 34. Nxc7 Kd3 35. Ne6 Nd5 36. g3 f3 37. Nf4+ Kc4 38. b3+ Kxc3 39. Nxd5+ 1-0

[Event "Open Vitrolles 2024/25"]
[Site "Vitrolles"]
[Date "2025.03.01"]
[Round "8.9"]
[White "Yon, Francois"]
[Black "Rannou, Danielle"]
[Result "1-0"]
[WhiteElo "1593"]
[BlackElo "1445"]
[PlyCount "53"]Open Aubagne 2024/25
[WhiteTeam "Salon Nostradamus"]
[BlackTeam "CE Vitrolles"]

1. d4 d5 2. Nf3 Nc6 3. Bf4 e6 4. e3 h6 5. h3 Bd6 6. Bxd6 Qxd6 7. Nbd2 Nf6 8. c4
O-O 9. Bd3 Bd7 10. O-O Rfe8 11. c5 Qf8 12. Ne5 b6 13. Nxd7 Nxd7 14. Bb5 Ncb8
15. c6 Nf6 16. Rc1 a6 17. Bd3 Qd6 18. Qc2 e5 19. dxe5 Rxe5 20. Nf3 Re8 21. Nd4
Ne4 22. Bxe4 Rxe4 23. Rfd1 a5 24. Nf5 Qe6 25. Nd4 Qd6 26. Nb5 Qd8 27. Qxe4 1-0

[Event "Open Vitrolles 2024/25"]
[Site "Vitrolles"]
[Date "2025.03.01"]
[Round "8.10"]
[White "Schoeni, Christine"]
[Black "Chauvet, Joelle"]
[Result "0-1"]
[WhiteElo "1399"]
[BlackElo "1569"]
[PlyCount "68"]Open Aubagne 2024/25
[WhiteTeam "CE Vitrolles"]
[BlackTeam "Club d'Echecs de Meyreuil"]

1. e4 e5 2. d4 exd4 3. Qxd4 Nc6 4. Qd1 Nf6 5. Nc3 Bb4 6. Bd2 O-O 7. Nf3 Bxc3 8.
Bxc3 Nxe4 9. Ne5 Nxe5 10. Bxe5 d6 11. Bd4 Re8 12. Be2 c5 13. Be3 Be6 14. O-O
Qb6 15. Qb1 Rad8 16. f3 Nf6 17. c4 Bxc4 18. Bxc4 Rxe3 19. b3 d5 20. Bd3 Rxd3
21. Qxd3 c4+ 22. Kh1 cxd3 23. Rad1 Qb5 24. Rd2 d4 25. Rfd1 Re8 26. Kg1 Re3 27.
Kf2 Qf5 28. Rxd3 Rxd3 29. Rc1 Ne4+ 30. Ke2 Nc3+ 31. Kf2 Rd2+ 32. Kg3 Ne2+ 33.
Kf2 Nxc1+ 34. Ke1 Qc2 0-1

[Event "Open Vitrolles 2024/25"]
[Site "Vitrolles"]
[Date "2025.03.01"]
[Round "8.11"]
[White "Tripodi, Carole"]
[Black "Thiers, Jean-Jacques"]
[Result "0-1"]
[WhiteElo "1399"]
[BlackElo "1636"]
[PlyCount "80"]Open Aubagne 2024/25
[WhiteTeam "Les 3 Tours - Martigues"]
[BlackTeam "U.S.C.M."]

1. d4 d6 2. Bf4 g6 3. Nf3 Bg7 4. e3 Nd7 5. Bd3 e5 6. Bg5 f6 7. Bh4 Ne7 8. Nbd2
O-O 9. c3 Qe8 10. Qb3+ Kh8 11. O-O d5 12. Rfe1 e4 13. Bc2 exf3 14. Nxf3 c6 15.
Bd3 Nb6 16. a3 Nf5 17. Qc2 Nxh4 18. Nxh4 Qf7 19. e4 dxe4 20. Rxe4 Be6 21. Rae1
Rae8 22. a4 Bd5 23. R4e2 Rxe2 24. Rxe2 f5 25. b4 Bc4 26. a5 Bxd3 27. Qxd3 Nd5
28. Nf3 Nf4 29. Ng5 Nxe2+ 30. Qxe2 Qe8 31. Qf1 h6 32. Nf3 Rf7 33. h3 Re7 34. c4
g5 35. g3 g4 36. Kh2 gxf3 37. b5 Bxd4 38. b6 axb6 39. axb6 Re2 40. Kg1 Bxf2+
0-1

[Event "Open Vitrolles 2024/25"]
[Site "Vitrolles"]
[Date "2025.03.22"]
[Round "9.1"]
[White "Derien, Robert"]
[Black "Biard, Noah"]
[Result "0-1"]
[WhiteElo "1667"]
[BlackElo "1713"]
[PlyCount "108"]Open Aubagne 2024/25
[WhiteTeam "Puy Ste Réparade"]
[BlackTeam "Club d'Echecs de Meyreuil"]

1. e4 c5 2. Nf3 Nc6 3. c3 Nf6 4. d3 d6 5. Be2 g6 6. O-O Bg7 7. Nbd2 O-O 8. d4
cxd4 9. cxd4 Bg4 10. d5 Nb4 11. Qb3 Na6 12. Qe3 Nc5 13. Nd4 Bxe2 14. Nxe2 Ng4
15. Qh3 Ne5 16. Nf4 Qc8 17. Qa3 g5 18. b4 Nxe4 19. Nxe4 gxf4 20. Qb3 f3 21. Bd2
Qg4 22. Ng3 fxg2 23. Kxg2 Ng6 24. Qd1 Nh4+ 25. Kh1 Qh3 26. Rg1 Kh8 27. Rb1 Rg8
28. Rb3 Be5 29. f4 Bd4 30. Be3 Bxe3 31. Rxe3 Nf5 32. Rd3 Nh6 33. Qe2 Rac8 34.
Qb2+ f6 35. Rb3 Nf5 36. Qf2 Nxg3+ 37. Rbxg3 Rxg3 38. Rxg3 Rc1+ 39. Rg1 Rxg1+
40. Qxg1 Qf3+ 41. Qg2 Qd1+ 42. Qg1 Qxd5+ 43. Qg2 Qd1+ 44. Qg1 Qxg1+ 45. Kxg1
Kg7 46. Kg2 Kg6 47. a4 Kf5 48. Kf3 h5 49. h4 e5 50. fxe5 fxe5 51. b5 e4+ 52.
Ke3 d5 53. a5 Ke5 54. a6 b6 0-1

[Event "Open Vitrolles 2024/25"]
[Site "Vitrolles"]
[Date "2025.03.22"]
[Round "9.2"]
[White "Siguret, William"]
[Black "Benoit-Lizon, Alain"]
[Result "0-1"]
[WhiteElo "1709"]
[BlackElo "1617"]
[PlyCount "100"]Open Aubagne 2024/25
[WhiteTeam "Marseille Passion Echecs"]
[BlackTeam "CE Vitrolles"]

1. Nf3 Nf6 2. g3 b5 3. Bg2 Bb7 4. O-O e6 5. d3 Nc6 6. c3 d5 7. Nbd2 a6 8. Re1
Bc5 9. d4 Bd6 10. a4 O-O 11. Nf1 e5 12. dxe5 Nxe5 13. Nxe5 Bxe5 14. Qb3 c6 15.
Be3 Qc7 16. Nd2 Rfe8 17. Nf3 Bd6 18. a5 c5 19. Red1 Rad8 20. Qc2 Rd7 21. Nh4 g6
22. Bg5 Ne4 23. Bxe4 Rxe4 24. Ng2 Kg7 25. Qd2 f6 26. Bh6+ Kg8 27. f3 Re8 28.
Be3 Rde7 29. Bf4 Rxe2 30. Qc1 c4 31. Bxd6 Qxd6 32. Rd4 Bc8 33. Nf4 R2e5 34. Qd2
Bb7 35. Rd1 Qc5 36. h4 g5 37. hxg5 fxg5 38. Nh5 Rf8 39. Kg2 Qe7 40. Kf2 Qf7 41.
Nf4 gxf4 42. gxf4 Rf5 43. Rg1+ Kh8 44. Ke1 Rxf4 45. Rxf4 Qxf4 46. Qg2 Qc1+ 47.
Kf2 Qxb2+ 48. Ke3 Qxc3+ 49. Ke2 Qb2+ 50. Ke3 d4# 0-1

[Event "Open Vitrolles 2024/25"]
[Site "Vitrolles"]
[Date "2025.03.22"]
[Round "9.3"]
[White "Mata, Thierry"]
[Black "Coquet, Bruno"]
[Result "1-0"]
[WhiteElo "1699"]
[BlackElo "1532"]
[PlyCount "95"]Open Aubagne 2024/25
[WhiteTeam "Club d'Echecs de Miramas"]
[BlackTeam "CE Vitrolles"]

1. d4 f5 2. g3 Nf6 3. Bg2 g6 4. Nf3 d6 5. O-O Bg7 6. Ng5 Nc6 7. c3 O-O 8. Qb3+
d5 9. Nh3 e5 10. dxe5 Nxe5 11. Bf4 Re8 12. Na3 c6 13. Nc2 h6 14. Bxe5 Rxe5 15.
Rae1 b6 16. Nf4 Kh7 17. Nd4 Qe8 18. Nd3 Re7 19. Qc2 c5 20. Nf3 Ba6 21. Nf4 Rd8
22. h4 Ne4 23. Rd1 Qf7 24. Rfe1 d4 25. cxd4 cxd4 26. Qa4 Bc4 27. h5 gxh5 28.
Nxh5 Bxa2 29. Nxg7 Bb3 30. Qb5 Bxd1 31. Rxd1 Rd5 32. Qc4 Kxg7 33. Nxd4 Rc5 34.
Qd3 Rec7 35. Bxe4 fxe4 36. Qxe4 Re7 37. Qd3 Rg5 38. Nf3 Rf5 39. Nh4 Rf6 40. Qd4
Kf8 41. Qg4 Qe6 42. Qd4 Qf7 43. e4 Rfe6 44. Qh8+ Qg8 45. Rd8+ Re8 46. Rxe8+
Rxe8 47. Qf6+ Qf7 48. Ng6+ 1-0

[Event "Open Vitrolles 2024/25"]
[Site "Vitrolles"]
[Date "2025.03.22"]
[Round "9.4"]
[White "Briquet, Xavier"]
[Black "Torelli, Roger"]
[Result "0-1"]
[WhiteElo "1683"]
[BlackElo "1632"]
[PlyCount "112"]Open Aubagne 2024/25
[WhiteTeam "Club d'Echecs de Miramas"]
[BlackTeam "L'Echiquier du Roy René"]

1. e4 e5 2. Nf3 Nc6 3. Bc4 Bc5 4. c3 Nf6 5. d3 d6 6. h3 Na5 7. Bb3 Nxb3 8. Qxb3
h6 9. O-O O-O 10. Re1 Be6 11. Qc2 Bb6 12. d4 exd4 13. cxd4 Bd7 14. Bf4 Nh5 15.
Be3 Qf6 16. e5 dxe5 17. dxe5 Qc6 18. Qd1 Rad8 19. Qe2 Bxe3 20. Qxe3 g5 21. Nc3
Nf4 22. Rac1 Qb6 23. Qxb6 axb6 24. Rcd1 Bc6 25. Rxd8 Rxd8 26. Ne4 Kg7 27. Kh2
Rd3 28. Ned2 Kg6 29. e6 f6 30. e7 Kf7 31. e8=Q+ Bxe8 32. Nc4 Ng6 33. b3 Bc6 34.
Ng1 Nf4 35. Ne3 Rd2 36. a3 Rxf2 37. Kg3 Rd2 38. Nf3 Bxf3 39. Kxf3 Rd3 40. Kg4
Kg6 41. Kf3 Nd5 42. Ke4 Rxe3+ 43. Rxe3 Nxe3 44. Kxe3 f5 45. g3 Kf6 46. Kd4 Ke6
47. b4 c5+ 48. Kc4 f4 49. gxf4 gxf4 50. b5 Ke5 51. Kd3 h5 52. h4 Kd5 53. Ke2
Ke4 54. Kf2 f3 55. Ke1 Ke3 56. Kf1 c4 0-1

[Event "Open Vitrolles 2024/25"]
[Site "Vitrolles"]
[Date "2025.03.22"]
[Round "9.5"]
[White "Chabaud, Philippe"]
[Black "Cens, Alain"]
[Result "0-1"]
[WhiteElo "1649"]
[BlackElo "1674"]
[PlyCount "120"]Open Aubagne 2024/25
[WhiteTeam "CE Vitrolles"]
[BlackTeam "Cercle Echiquier Pertuisien"]

1. d4 d5 2. Bf4 c5 3. e3 Nc6 4. Nf3 Nf6 5. Nc3 a6 6. Be2 Qb6 7. Rb1 Bf5 8. a3
e6 9. O-O h6 10. dxc5 Qxc5 11. Bd3 Bxd3 12. Qxd3 Be7 13. b4 Qa7 14. b5 Rc8 15.
bxc6 Rxc6 16. Ne5 Rc8 17. Na4 b5 18. Nc3 O-O 19. Ne2 Nd7 20. Nxd7 Qxd7 21. e4
Rfd8 22. Rfd1 Qc6 23. Nd4 Qc5 24. e5 Rd7 25. Bd2 Qc4 26. Bb4 Bxb4 27. Rxb4 Qc3
28. Rb3 Qa5 29. Qd2 Qxd2 30. Rxd2 Rc4 31. g3 Rdc7 32. Kg2 Kf8 33. Rb4 Rxb4 34.
axb4 Rc4 35. Nb3 Rxb4 36. Nc5 a5 37. Na6 Rc4 38. f4 Ke7 39. Kf3 Kd7 40. Ke3 Kc8
41. Kd3 Kb7 42. c3 Kxa6 43. Rb2 b4 44. cxb4 axb4 45. Ra2+ Kb5 46. Ra7 b3 47.
Rxf7 Kb4 48. Rb7+ Ka3 49. Ra7+ Kb2 50. Ra6 Kb1 51. Rxe6 b2 52. Rb6 Kc1 53. e6
b1=Q+ 54. Rxb1+ Kxb1 55. e7 Re4 56. e8=Q Rxe8 57. Kd4 Kc2 58. Kxd5 Kd3 59. g4
Ke3 60. g5 Kxf4 0-1

[Event "Open Vitrolles 2024/25"]
[Site "Vitrolles"]
[Date "2025.03.22"]
[Round "9.6"]
[White "Graells, Christian"]
[Black "Scamaroni, Jean-Paul"]
[Result "0-1"]
[WhiteElo "1564"]
[BlackElo "1642"]
[PlyCount "92"]Open Aubagne 2024/25
[WhiteTeam "Club d'Echecs de Meyreuil"]
[BlackTeam "CE Vitrolles"]

1. e4 c5 2. Nf3 d6 3. d4 cxd4 4. Nxd4 Nf6 5. Nc3 a6 6. Be2 e5 7. Nb3 Be6 8. O-O
Be7 9. Be3 Nbd7 10. Kh1 O-O 11. f4 Qc7 12. f5 Bc4 13. Nd2 Bxe2 14. Qxe2 b5 15.
Bg5 Rac8 16. Rf3 b4 17. Nd1 Qxc2 18. Qxa6 h6 19. Be3 Ng4 20. Qe2 Nxe3 21. Rxe3
Bg5 22. Rd3 Rc6 23. b3 Nf6 24. Ne3 Qb2 25. Qe1 Bxe3 26. Rxe3 Rc2 27. Nc4 Qd4
28. Rd1 Qc5 29. Rxd6 Ng4 30. Rd5 Qa7 31. Ra5 Qc7 32. Rg3 h5 33. Rd5 Qa7 34. h3
Nf6 35. Ra5 Qd4 36. Rxe5 Rxc4 37. Rxg7+ Kxg7 38. Qg3+ Kh6 39. Qf4+ Kh7 40. bxc4
Qd6 41. c5 Qc7 42. g3 Rg8 43. Kg2 Nd7 44. Qh4 Qxe5 45. Qxh5+ Kg7 46. Qg4+ Kf8
0-1

[Event "Open Vitrolles 2024/25"]
[Site "Vitrolles"]
[Date "2024.11.30"]
[Round "9.7"]
[White "Bregier, Gerard"]
[Black "Yon, Francois"]
[Result "0-1"]
[WhiteClub "Salon Nostradamus"]
[BlackClub "Salon Nostradamus"]
[WhiteElo "1582"]
[BlackElo "1593"]
[PlyCount "62"]

1. Nf3 d5 2. g3 Nf6 3. Bg2 Bf5 4. O-O e6 5. c4 c6 6. Qb3 Qc7 7. d3 h6 8. Bf4 Qb6 9. Be3 Bc5 
10. Bxc5 Qxc5 11. Qxb7 O-O 12. Qxa8 Qb6 13. Ne5 Nfd7 14. d4 Nxe5 15. dxe5 Nd7 16. Qxf8+ Kxf8 
17. b3 Nxe5 18. cxd5 cxd5 19. e4 Qd4 20. Na3 dxe4 21. Nb5 Qc5 22. a4 a6 23. Rac1 Qb6 24. Nc7 Qxb3 
25. Nxa6 Qxa4 26. Nc5 Qb4 27. Rfe1 Nd3 28. Nxd3 exd3 29. Rb1 d2 30. Rxb4 dxe1=Q+ 31. Bf1 Qxb4 0-1

[Event "Open Vitrolles 2024/25"]
[Site "Vitrolles"]
[Date "2025.03.22"]
[Round "9.9"]
[White "Rannou, Danielle"]
[Black "Romeuf, Benjamin"]
[Result "0-1"]
[WhiteElo "1445"]
[BlackElo "1626"]
[PlyCount "102"]Open Aubagne 2024/25
[WhiteTeam "CE Vitrolles"]
[BlackTeam "CE Vitrolles"]

1. d4 Nf6 2. Nc3 g6 3. e4 Bg7 4. e5 Ng8 5. Nf3 d6 6. h3 Nc6 7. Bb5 Bd7 8. O-O
a6 9. Bxc6 Bxc6 10. Re1 Qd7 11. d5 Bb5 12. e6 fxe6 13. dxe6 Qc6 14. Nxb5 Qxb5
15. c3 O-O-O 16. Ng5 Nh6 17. a4 Qf5 18. Qf3 Rhf8 19. Qxf5 Rxf5 20. g4 Re5 21.
Bf4 Rxe1+ 22. Rxe1 Rf8 23. Bc1 Rh8 24. f4 Bf6 25. Nf3 Ng8 26. g5 Bg7 27. Be3 h6
28. h4 c5 29. Bd2 Kc7 30. b4 Kc6 31. Kg2 Kd5 32. Kg3 b6 33. Kg4 h5+ 34. Kg3 Kc4
35. Rb1 Bxc3 36. Rc1 cxb4 37. Bxc3 bxc3 38. Kf2 Kb3 39. Ng1 b5 40. axb5 axb5
41. Ne2 b4 42. Ke3 Kc4 43. Rc2 Nf6 44. gxf6 exf6 45. Rc1 Re8 46. Nd4 b3 47. Ke4
b2 48. Rb1 c2 49. Rxb2 c1=Q 50. Rc2+ Qxc2+ 51. Nxc2 Rxe6+ 0-1

[Event "Open Vitrolles 2024/25"]
[Site "Vitrolles"]
[Date "2025.03.22"]
[Round "9.10"]
[White "Ribelles, Anthony"]
[Black "Ben Amar, Ilyes"]
[Result "0-1"]
[WhiteElo "1540"]
[BlackElo "1611"]
[PlyCount "42"]Open Aubagne 2024/25
[WhiteTeam "Club d'Echecs de Meyreuil"]
[BlackTeam "Echecs Academy de Marseille"]

1. e4 e6 2. d4 d5 3. Nc3 Nf6 4. e5 Nfd7 5. f4 c5 6. Nf3 Nc6 7. Be3 Qb6 8. Na4
Qa5+ 9. c3 cxd4 10. Nxd4 Nxd4 11. b4 Bxb4 12. Bxd4 Be7 13. Rb1 O-O 14. Rb5 Qc7
15. Qb3 b6 16. Qc2 Ba6 17. Rb3 Bxf1 18. Rxf1 Nc5 19. Rb5 Qc6 20. Bxc5 Bxc5 21.
Qd3 a6 0-1

[Event "Open Vitrolles 2024/25"]
[Site "Vitrolles"]
[Date "2025.03.22"]
[Round "9.11"]
[White "Thiers, Jean-Jacques"]
[Black "Schoeni, Christine"]
[Result "1-0"]
[WhiteElo "1636"]
[BlackElo "1399"]
[PlyCount "66"]Open Aubagne 2024/25
[WhiteTeam "U.S.C.M."]
[BlackTeam "CE Vitrolles"]

1. d4 d5 2. Nf3 e6 3. e3 Nc6 4. Bd3 Nf6 5. Nbd2 Be7 6. O-O O-O 7. c3 Bd7 8. Re1
a6 9. e4 Nh5 10. e5 Nf4 11. Bb1 b5 12. Nf1 Ng6 13. a3 a5 14. Bd2 a4 15. g3 Na5
16. Bc2 Nb3 17. Bxb3 axb3 18. Qxb3 c6 19. Ne3 c5 20. Ng2 h5 21. h4 f5 22. exf6
c4 23. fxe7 Qxe7 24. Qc2 Qf7 25. Nf4 Qf5 26. Qxf5 exf5 27. Nxg6 Rf6 28. Nf4 Bc6
29. Re7 Kh7 30. Rae1 Raf8 31. Nxh5 R6f7 32. Ng5+ Kg6 33. Nf4+ Kf6 1-0

[Event "Open Vitrolles 2024/25"]
[Site "Vitrolles"]
[Date "2025.03.22"]
[Round "9.12"]
[White "Tripodi, Carole"]
[Black "Muteaux, Stephane"]
[Result "0-1"]
[WhiteElo "1399"]
[BlackElo "1590"]
[PlyCount "110"]Open Aubagne 2024/25
[WhiteTeam "Les 3 Tours - Martigues"]
[BlackTeam "Club d'Echecs de Meyreuil"]

1. d4 a6 2. Bf4 b5 3. a3 Bb7 4. Nd2 d6 5. Ngf3 g6 6. e3 Bg7 7. Be2 Nf6 8. h3
Nbd7 9. O-O c5 10. c3 O-O 11. Qc2 Rc8 12. b3 cxd4 13. exd4 Nd5 14. Bh2 Nxc3 15.
Qd3 Nxe2+ 16. Qxe2 Re8 17. b4 Bd5 18. a4 Qb6 19. a5 Qa7 20. Qd3 e5 21. dxe5
Bxf3 22. Nxf3 dxe5 23. Rad1 Rcd8 24. h4 e4 25. Qe3 Qxe3 26. fxe3 exf3 27. Rxf3
Ne5 28. Rff1 Rxd1 29. Rxd1 Ng4 30. Bf4 Nxe3 31. Bxe3 Rxe3 32. Rd8+ Bf8 33. Ra8
Kg7 34. Kf1 Bxb4 35. Rxa6 Ra3 36. Rb6 Rxa5 37. g4 Bc5 38. Rb7 Ra1+ 39. Kg2 b4
40. Kf3 Ra3+ 41. Ke4 b3 42. Kd5 Be3 43. Kd6 Bc1 44. Ke7 b2 45. Ke8 Re3+ 46. Kd8
Kf6 47. g5+ Kf5 48. Rb5+ Re5 49. Rb7 Kg4 50. Rb4+ Kh5 51. Kd7 Re3 52. Kc6 Rh3
53. Rb7 Rxh4 54. Kd6 Kxg5 55. Rxf7 b1=Q 0-1